| 000 | 00611nam a2200229Ia 4500 | ||
|---|---|---|---|
| 003 | OSt | ||
| 005 | 20231011114109.0 | ||
| 008 | 210210b2004 xxu||||| |||| 00| 0 eng d | ||
| 020 | _a0 19 511009 9 | ||
| 040 | _cAL | ||
| 041 | _aEnglish | ||
| 082 | _a621.38 LATM | ||
| 100 |
_aLATHI (B P). _9137388 |
||
| 245 | _aModern digital and analog communication systems | ||
| 250 | _a3 | ||
| 260 |
_aNY _bOxford University Press _c2004 |
||
| 300 | _axiii,781 | ||
| 650 |
_aDigital and analog communications systems _9137389 |
||
| 690 |
_aElectronic Communication _9137390 |
||
| 906 | _a059276 | ||
| 942 |
_2ddc _cBK |
||
| 999 |
_c106526 _d106526 |
||